000
00310nam a22001217a 4500
020
_a
978-1-910952-00-9
040
_c
OneReason
082
_a
297.122 T3741 Z
100
_a
Abu Zakariya
_9
130122
245
_a
The Eternal Challenge
_b
A Journey Through The Miraculous Quran
300
_a
161p.
942
_2
ddc
_c
BK
999
_c
614464
_d
614464